000 00721nam a2200205 i 4500
001 38929
003 ES-MaACL
005 20230912063105.0
007 t|
008 030226s1915 sp ||||1| spa d
100 1 _aCalvo Alfageme, Álvaro,
_d1892-1968
_933867
245 1 3 _aLa jurisprudencia analítica de la escuela inglesa
_b: tésis que presenta para el grado de doctor /
_cAlvaro Calvo Alfageme.
260 _aMadrid :
_b[s.n.],
_c1915 (
_fProgreso gráfico)
300 _a69 p. ;
_c23 cm.
594 _aPrecede al tít: Facultad de Derecho de la Universidad Central.
600 0 4 _aAustin, John.
_923958
650 0 4 _aJurisprudencia.
_914031
852 _aES-MaACL
_j1493-F-8
999 _c38929
_d38929